000 00674nam a2200229 a 4500
999 _c6421
_d6421
001 6421
003 BD-JhCC
005 20180123093721.0
008 171104s1998 bg |||| ||a| 000 0 ben d
020 _a9844150590
035 _a(BD-JhCC) 6421
040 _aBD-JhCC
_dBD-JhCC
041 _aben
082 _a891.4435
_bBON 1998
100 _aবন্দোপাধ্যায়, মানিক
245 _aশ্রেষ্ঠ গল্প /
_cমানিক বন্দোপাধ্যায়
260 _aঢাকা :
_bঅবসর,
_c1998.
300 _a319 p .:
_c22 cm .
650 _aBengali Short Stories
942 _2ddc
_cBK